000 00748cam a22002653a 4500
001 9321
003 PGUSA
005 20140828083210.0
008 051101s2005||||xxu|||||s|||||000 i eng d
040 _aPGUSA
_beng
042 _adc
050 4 _aPR
100 1 _aEdgeworth, Maria,
_d1767-1849
245 1 0 _aTales and Novels — Volume 08
_h[electronic resource] /
_cMaria Edgeworth
260 _bProject Gutenberg,
_c2005
505 0 _aPatronage (concluded) -- Comic dramas -- Leonara -- Letters.
506 _aPublic domain in the USA.
516 _aElectronic text
653 _aComedies
653 _aFiction
653 _aDrama
830 0 _aProject Gutenberg
_v9321
856 4 0 _uhttp://www.gutenberg.org/ebooks/9321
942 _cEB
999 _c238577
_d238577